Stadtteile von Stuttgart mit Karte - Statistiken

Allgemein
  • Dieses Quiz wurde 511 mal gespielt
  • Das Durchschnittsergebnis liegt bei 35 aus 152
Antworten auf der Karte
Die Antworten werden auf der Karte rot bzw. grün angezeigt, abhängig davon wie oft sie richtig erraten wurden.
 
Antwortstatistiken
Stadtbezirk Stadtteil % Korrekt
Untertürkheim Untertürkheim
61%
Degerloch Degerloch
59%
Obertürkheim Obertürkheim
59%
Plieningen Plieningen
55%
Wangen Wangen
53%
Sillenbuch Sillenbuch
52%
Hedelfingen Hedelfingen
51%
Münster Münster
48%
Zuffenhausen Rot
48%
Vaihingen Rohr
47%
Weilimdorf Weilimdorf
46%
Nord Killesberg
45%
West Feuersee
42%
Mühlhausen Mühlhausen
42%
Süd Heslach
41%
Mitte Universität
40%
Mitte Hauptbahnhof
39%
Süd Bopser
38%
Sillenbuch Heumaden
38%
Degerloch Waldau
37%
Bad Cannstatt Wasen
37%
Möhringen Fasanenhof
35%
Plieningen Hohenheim
35%
Möhringen Sonnenberg
35%
Vaihingen Dürrlewang
34%
Bad Cannstatt Hallschlag
34%
Ost Berg
33%
Botnang Botnang-Nord
33%
Botnang Botnang-Süd
33%
Botnang Botnang-West
33%
Vaihingen Vaihingen-Mitte
33%
Botnang Botnang-Ost
32%
Vaihingen Büsnau
32%
Süd Kaltental
32%
West Solitude
31%
Ost Gablenberg
30%
Ost Gaisburg
30%
Mühlhausen Hofen
30%
Nord Nordbahnhof
30%
Bad Cannstatt Sommerrain
30%
Zuffenhausen Zazenhausen
30%
Mühlhausen Neugereut
29%
Vaihingen Österfeld
29%
Untertürkheim Rotenberg
29%
Ost Stöckach
29%
Obertürkheim Uhlbach
29%
West Vogelsang
29%
Weilimdorf Giebel
28%
Möhringen Möhringen-Mitte
28%
Birkach Birkach-Nord
27%
Birkach Birkach-Süd
27%
Mitte Europaviertel
27%
Hedelfingen Hafen
27%
Degerloch Haigst
27%
West Kräherwald
27%
Möhringen Möhringen-Nord
27%
Möhringen Möhringen-Süd
27%
Mitte Rathaus
27%
Stammheim Stammheim-Süd
27%
Süd Weinsteige
27%
Mühlhausen Freiberg
26%
Mühlhausen Mönchfeld
26%
Süd Südheim
26%
Plieningen Asemwald
25%
Vaihingen Dachswald
25%
Feuerbach Feuerbach-Mitte
25%
Stammheim Stammheim-Mitte
25%
Mitte Heusteigviertel
24%
Hedelfingen Rohracker
24%
Zuffenhausen Zuffenhausen-Mitte
24%
Degerloch Hoffeld
23%
Untertürkheim Luginsland
23%
Möhringen Möhringen-Ost
23%
Zuffenhausen Neuwirtshaus
23%
Ost Ostheim
23%
West Rotebühl
23%
Ost Frauenkopf
22%
Süd Karlshöhe
21%
Süd Lehen
21%
Birkach Schönberg
21%
Mitte Dobel
20%
Feuerbach Feuerbach-Ost
20%
West Hölderlinplatz
19%
Mitte Oberer Schlossgarten
19%
Sillenbuch Riedenberg
19%
West Wildpark
19%
Weilimdorf Wolfbusch
19%
Bad Cannstatt Cannstatt-Mitte
18%
Feuerbach Feuerbacher Tal
18%
Weilimdorf Hausen
18%
Bad Cannstatt Kurpark
18%
Bad Cannstatt Neckarvorstadt
18%
West Rosenberg
18%
Bad Cannstatt Steinhaldenfeld
18%
Feuerbach Lemberg/Föhrich
17%
Ost Uhlandshöhe
17%
Vaihingen Lauchäcker
16%
Hedelfingen Lederberg
16%
Plieningen Steckfeld
16%
Degerloch Tränke
16%
Möhringen Fasanenhof-Ost
15%
West Hasenberg
15%
Mitte Kernerviertel
15%
Vaihingen Pfaffenwald
15%
Untertürkheim Benzviertel
14%
Möhringen Wallgraben-Ost
14%
Vaihingen Wallgraben-West
14%
Nord Auf der Prag
13%
Weilimdorf Bergheim
13%
Bad Cannstatt Burgholzhof
13%
Vaihingen Rosental
13%
Möhringen Sternhäule
13%
Bad Cannstatt Schmidener Vorstadt
12%
Weilimdorf Weilimdorf-Nord
12%
Bad Cannstatt Altenburg
11%
Plieningen Chausseefeld
11%
Mitte Diemershalde
11%
Bad Cannstatt Veielbrunnen
11%
Nord Weißenhof
11%
Nord Am Rosensteinpark
10%
Bad Cannstatt Espan
10%
Ost Gänsheide
10%
Bad Cannstatt Im Geiger
10%
Bad Cannstatt Muckensturm
10%
Mitte Neue Vorstadt
10%
Nord Relenberg
10%
Bad Cannstatt Seelberg
10%
Nord Am Bismarckturm
9%
Nord Am Pragfriedhof
9%
Feuerbach Bahnhof Feuerbach
9%
Vaihingen Heerstraße
9%
Nord Heilbronner Straße
9%
Vaihingen Höhenrand
9%
Bad Cannstatt Pragstraße
9%
Nord Lenzhalde
8%
Bad Cannstatt Winterhalde
8%
Bad Cannstatt Birkenäcker
7%
Feuerbach Hohe Warte
7%
Untertürkheim Lindenschulviertel
7%
Zuffenhausen Zuffenhausen-Am Stadtpark
7%
Zuffenhausen Zuffenhausen-Im Raiser
7%
Zuffenhausen Zuffenhausen-Elbelen
6%
Zuffenhausen Zuffenhausen-Mönchsberg
6%
Zuffenhausen Zuffenhausen-Schützenbühl
6%
Feuerbach An der Burg
5%
Untertürkheim Flohberg
5%
Untertürkheim Gehrenwald
5%
Nord Mönchhalde
5%
Zuffenhausen Zuffenhausen-Frauensteg
5%
Untertürkheim Bruckwiesen
4%
Zuffenhausen Zuffenhausen-Hohenstein
4%
Feuerbach Siegelberg
3%
Keine übereinstimmenden Quizze gefunden
Verteilung der Resultate
Anzahl Personen mit jedem Resultat
Perzentil nach korrekt beantworteten Fragen
Ihre Resultats-Entwicklung
Sie haben dieses Quiz noch nicht gespielt